000
00429nam a22001217a 4500
040
_c
rua
082
_a
RUA RET 2006 C217 Or.
100
_a
បណ្ឌិត ចាន់ ណារ៉េត
245
_a
ធនធានមនុស្សសាកលវិទ្យាល័យភូមិន្ទកសិកម្ម ១៩៩៨-២០០៦
260
_a
phnom penh
_b
rua
_c
2006
300
_a
iii.
_b
ill.
_c
29cm.
942
_c
REC
999
_c
22575
_d
22575